Responses for Show #2075 - Friday, September 17, 1993

John Cuthbertson game 4.

Contestants

[<< previous game]

Andy Amster, a quality assurance specialist from Los Angeles, California

Kriss Reed, a planning assistant from Diamond Bar, California

John Cuthbertson, a physicist originally from Liberty, Missouri (whose 3-day cash winnings total $46,400)

[next game >>]

Jeopardy! Round responses

THE 19th CENTURY
MOVIE NOSTALGIA
FRUITS & VEGETABLES
I'LL TAKE MANHATTAN
GHOULASH
COMMON BONDS
    $100 2
Notre Dame

John
    $100 14
Cleopatra

Andy
    $100 26
the grapefruit

Kriss
    $100 1
Central Park

Andy
    $100 21
Transylvania

Andy
    $100 15
bracelet

Andy
    $200 3
Egypt

Andy
    $200 10
(John: What is Anchors Aweigh?)
(Andy: What are sharks?)
...
(Alex: Correct response? He pretended to be a [*]. The film was The [*].)

pirate

JohnAndy
Triple Stumper
    $200 27
(Kriss: What is lettuce?)

cauliflower

JohnKriss
    $200 11
Greenwich Village

John
    $200 22
an ogress

Andy
    $200 16
calendars

John
    $300 4
The Communist Manifesto

Andy
    $300 9
Bob Hope

John
    $300 28
an artichoke

John
    $300 12
(Andy: What is Little Tokyo?)

Chinatown

JohnAndy
    $300 23
a banshee

John
    $300 18
a well

Andy
    $400 5
(Kriss: What is France?)

Holland (or the Netherlands)

KrissAndy
    $400 8
Destry Rides Again

Andy
    $400 29
endive

Andy
    $400 13
the New York Public Library

Andy
    $400 24
(Kriss: What is a requiem?)

a zombie

JohnKriss
    $400 19
chairs

John
    $500 6
the Salvation Army

Andy
    $500 7
(John: What is Moby-Dick?)

Billy Budd

JohnAndy
    $500 30
a pear

Triple Stumper
    $500 17
the Whitney Museum

John
    $500 25
Mephistopheles

John
    $500 20
ballerinas

Kriss

Scores at the first commercial break (after clue 14):

John Kriss Andy
$200 -$400 $2,400

Scores at the end of the Jeopardy! Round:

John Kriss Andy
$3,000 -$400 $3,500

Double Jeopardy! Round responses

1965
(Alex: Good year.)
AIRLINES
FICTIONAL CHARACTERS
WEIGHTS & MEASURES
DEM BONES
OPERA
    $200 21
silver

Andy
    $200 1
American Airlines

Andy
    $200 18
Shangri-La

Andy
    $200 9
a gallon

John
    $200 23
the ear

Andy
    $200 20
Dickens

Andy
    $400 19
(Andy: What is Kodak?)

Polaroid

JohnAndy
    $400 5
Singapore Airlines

John
    $400 14
Ivan Denisovich

Kriss
    $400 10
a nautical mile

Andy
    $400 24
(Andy: What is the femur?)
(Kriss: What is the fibula?)

the tibia

JohnKrissAndy
    $400 22
(Kriss: Who is Paella?)
(John: Who is Panettone?)

(Giuditta) Pasta

JohnKrissAndy
    $600 4
a blackout

John
    $600 6
Pan Am

John
    $2,000 13
The Grapes of Wrath

Andy
    $600 17
years

John
    $600 25
(Kriss: What are scapulae?)

clavicles

JohnKriss
    $600 28
Callas

Andy
    $800 3
(Ed) White

Andy
    $800 7
Midway Airlines

John
    $800 12
Sophie's Choice

Andy
    $800 16
electric charge

John
    $800 26
the cheekbone

Andy
    $200 29
(Andy: What is... The Cricket on the Hearth?)

Amahl and the Night Visitors

Andy
    $1000 2
(John: Who is Tony Brown?)

Bill Moyers

JohnAndy
    $1000 8
(Andy: What is Southwest?)

USAir

JohnAndy
    $1000 11
Margaret Atwood

Kriss
    $1000 15
a meter

John
    $1000 27
the phalanges

Andy
    $1000 30
The Bartered Bride

John

Scores at the end of the Double Jeopardy! Round:

John Kriss Andy
$10,000 -$400 $10,300

[wagering suggestions for these scores]

Final Jeopardy! Round responses

COUNTRIES OF THE WORLD
JohnWhat is Iceland?
$8,000
AndyWhat is Japan
$9,800
Iceland

Final scores:

John Kriss Andy
$18,000 -$400 $500
4-day champion: $64,400 3rd place: DeLonghi pump-driven espresso/cappuccino & accessories + Wheel of Fortune and Jeopardy! for the 16-bit Super Nintendo Entertainment System & the Sega Genesis system 2nd place: a trip to Maui on Delta Airlines & a week at the Sands of Kahana on the shores of West Maui

Game dynamics:

Coryat scores:

John Kriss Andy
$10,000 -$400 $9,100
25 R
(including 1 DD),
4 W
4 R,
6 W
28 R
(including 1 DD),
6 W
(including 1 DD)

Combined Coryat: $18,700

[game clues] [game scores] [suggest correction]

Game tape date: 1993-07-20
The J! Archive is created by fans, for fans. Scraping, republication, monetization, and malicious use prohibited; this site may use cookies and collect identifying information. See terms. The Jeopardy! game show and all elements thereof, including but not limited to copyright and trademark thereto, are the property of Jeopardy Productions, Inc. and are protected under law. This website is not affiliated with, sponsored by, or operated by Jeopardy Productions, Inc. Join the discussion at JBoard.tv.